| Tag |
First Indicator |
Second Indicator |
Subfields |
| LEADER |
00000cam a22000001a 4500 |
| 001 |
in00003018713 |
| 005 |
20190401195006.0 |
| 006 |
m o d |
| 007 |
cr un mmmapmmp |
| 008 |
070108s1898 dcud o f000 0 eng d |
| 035 |
|
|
|a cis2004074297
|
| 040 |
|
|
|a UMI
|c UMI
|d UtOrBLW
|
| 043 |
|
|
|a n-us---
|
| 099 |
|
|
|a ProQuest Serial Set Number 3611 S.doc.245
|
| 110 |
1 |
|
|a United States.
|b Congress.
|b Senate.
|b Committee on Commerce.
|
| 245 |
1 |
0 |
|a Letter from the Secretary of the Treasury, giving a statement of the amount of fines, penalties, and forfeitures paid into the Treasury for the years 1893, 1894, 1895, 1896, and 1897 for violations of our navigation laws, etc., in response to resolution of the Senate of April 12, 1898.
|
| 246 |
1 |
|
|a Penalties paid, etc., 1893-97, for violations of navigation laws
|
| 264 |
|
1 |
|a Washington :
|b [publisher not identified],
|c 1898.
|
| 300 |
|
|
|a 1 online resource.
|
| 336 |
|
|
|a text
|b txt
|2 rdacontent
|
| 337 |
|
|
|a computer
|b c
|2 rdamedia
|
| 338 |
|
|
|a online resource
|b cr
|2 rdacarrier
|
| 490 |
0 |
|
|a S.doc.245
|
| 500 |
|
|
|a Record is based on bibliographic data in ProQuest U.S. Serial Set Digital Collection (last viewed Jan. 2007). Reuse except for individual research requires license from ProQuest, LLC.
|
| 510 |
3 |
|
|a ProQuest U.S. Serial Set Digital Collection
|
| 500 |
|
|
|a Electronic resource.
|
| 650 |
|
0 |
|a Fines (Penalties)
|
| 650 |
|
0 |
|a Expenditures, Public.
|
| 650 |
|
0 |
|a Navigation.
|
| 655 |
|
7 |
|a Electronic books.
|2 local
|
| 710 |
2 |
|
|a ProQuest (Firm)
|
| 830 |
|
0 |
|a United States congressional serial set.
|
| 856 |
4 |
0 |
|u http://proxy.library.tamu.edu/login?url=http://congressional.proquest.com/congcomp/getdoc?SERIAL-SET-ID=3611+S.doc.245
|z Connect to the full text of this electronic book
|t 0
|
| 999 |
|
|
|a MARS
|
| 999 |
f |
f |
|s 7813f41a-8d3a-3b4b-8f0d-dcaeb335883c
|i cd8eacde-82f4-3ce7-9d84-e0a1c57eaea3
|t 0
|
| 952 |
f |
f |
|a Texas A&M University
|b College Station
|c Electronic Resources
|d Available Online
|t 0
|e ProQuest Serial Set Number 3611 S.doc.245
|h Other scheme
|
| 998 |
f |
f |
|a ProQuest Serial Set Number 3611 S.doc.245
|t 0
|l Available Online
|